30 biggest cities in Greece on a map - Statistics

General Stats
  • This quiz has been taken 19 times
  • The average score is 15 of 30
Answers on the Map
Answers color-coded by a green-red scale on the quiz's map according to % correct below.
 
Answer Stats
City Population % Correct
Athens 643,452
100%
Thessaloniki 309,617
94%
Heraklion 149,501
88%
Patras 170,755
81%
Piraeus 168,151
81%
Ioannina 64,896
75%
Larissa 146,595
75%
Volos 85,803
75%
Chalcis 64,490
63%
Kallithea 97,616
56%
Acharnes 100,857
50%
Chalandri 77,102
50%
Evosmos 79,221
50%
Glyfada 89,597
50%
Kalamaria 92,248
50%
Peristeri 133,630
50%
Trikala 62,064
50%
Marousi 71,830
38%
Nea Smyrni 72,853
38%
Nikaia 88,077
38%
Ilion 84,004
31%
Agios Dimitrios 71,664
25%
Ilioupoli 76,730
25%
Keratsini 75,721
25%
Nea Ionia 64,611
25%
Agia Paraskevi 62,147
19%
Egaleo 65,831
19%
Korydallos 61,248
19%
Palaio Faliro 64,863
19%
Zografou 69,874
13%
No matching quizzes found
Score Distribution
Percent of People with Each Score
Percentile by Number Answered
Your Score History
You have not taken this quiz